| 000 -LEADER | |
|---|---|
| fixed length control field | 00479nam a22001817a 4500 |
| 005 - DATE AND TIME OF LATEST TRANSACTION | |
| control field | 20180209124702.0 |
| 008 - FIXED-LENGTH DATA ELEMENTS--GENERAL INFORMATION | |
| fixed length control field | 160428b xxu||||| |||| 00| 0 eng d |
| 020 ## - INTERNATIONAL STANDARD BOOK NUMBER | |
| ISBN | 0-07-049958-6 |
| 041 ## - LANGUAGE CODE | |
| Language code of text/sound track or separate title | eng |
| 082 ## - DEWEY DECIMAL CLASSIFICATION NUMBER | |
| Item number | 00574 |
| Classification number | 006.6 |
| 100 ## - MAIN ENTRY--AUTHOR NAME | |
| Personal name | Xiang, Zhigang AND Plastock, Roy |
| 245 ## - TITLE STATEMENT | |
| Title | Schaum's Outlines Computer Graphics |
| 250 ## - EDITION STATEMENT | |
| Edition statement | 2nd ed. |
| 260 ## - PUBLICATION, DISTRIBUTION, ETC. (IMPRINT) | |
| Place of publication | New Delhi |
| Name of publisher | Tata MC Graw Hill, |
| Year of publication | 2004 |
| 300 ## - PHYSICAL DESCRIPTION | |
| Number of Pages | 347 |
| 650 ## - SUBJECT ADDED ENTRY--TOPICAL TERM | |
| Topical Term | Information Technology |
| 942 ## - ADDED ENTRY ELEMENTS (KOHA) | |
| Koha item type | Books |
| Lost status | Damaged status | Collection code | Home library | Current library | Shelving location | Date acquired | Full call number | Accession Number | Koha item type | Source of acquisition |
|---|---|---|---|---|---|---|---|---|---|---|
| CS/IT | JRU Library | JRU Library | SHELF-53-B | 28/04/2016 | 006.6 | 00574 | Books | |||
| CS/IT | JRU Library | JRU Library | SHELF-53-D | 28/04/2016 | 006.6 | 00575 | Books | |||
| CS/IT | JRU Library | JRU Library | SHELF-53-B | 28/04/2016 | 006.6 | 00576 | Books | |||
| CS/IT | JRU Library | JRU Library | SHELF-53-B | 28/04/2016 | 006.6 | 00577 | Books | PURCHASE | ||
| CS/IT | JRU Library | JRU Library | SHELF-53-B | 28/04/2016 | 006.6 | 00578 | Books |